Wiedza ogólna o piłce nożnej #1 - Statystyki

Ogólne statystyki
  • Ten quiz został rozwiązany 4 842 razy
  • Średni wynik to 8 z 15
Statystyki odpowiedzi
Zagadnienie Odpowiedź % Poprawnych
W którym roku odbyły się Mistrzostwa Świata w RPA? W 2010 roku
87%
Kto zdobył bramkę w finale Mistrzostw Świata 2010 pomiędzy Hiszpanią i Holandią? Andres Iniesta
81%
Jaki przydomek nosi drużyna West Ham United? The Hammers
81%
Kto jest właścicielem PSG? Qatar Sports Investments
71%
Ile klubów znajduje się w rozgrywkach Bundesligi? 18
69%
Jak ma na imie brat Flavio Paixao? Marco
60%
Kto był trenerem reprezentacji Polski w 2014 roku? Adam Nawałka
51%
Jakiej wysokości jest bramka do piłki nożnej? 2,44 m
47%
W jakim klubie swoją przygodę z Ekstraklasą rozpoczynał John Yeboah? Śląsk Wrocław
45%
Który transfer był najdroższy w sezonie 2022/2023? Enzo Fernandez do Chelsea
43%
W jakim klubie nigdy nie wystąpił Franck Ribery? Olympique Lyon
42%
Kto jest najlepszym strzelcem w historii Chelsea Londyn? Frank Lampard
41%
Ile lat miał Luka Modrić kiedy zdobył Złotą Piłkę? 33
38%
Kto wygrał Ligę Europy w sezonie 2017/2018? Atletico Madryt
27%
Ile wynosi pojemność stadionu Estadio Metropolitano, na którym swoje mecze rozgrywa Atletico Madryt? 70 460
17%
Nie znaleziono quizów pasujących do podanych kryteriów
Rozkład punktacji
Procent ludzi z każdym wynikiem
Percentyl według liczby udzielonych odpowiedzi
Twoja historia wyników
Nie rozwiązałeś tego quizu